Library of the University of Algiers 3
Ibrahim Sultan Cheibout
شعار جامعة الجزائر 3
مكتبة جامعة الجزائر 3
إبراهيم سلطان شيبوط

إنقضاء الالتزام الثابت في الشيك : (رقم التسجيلة. 45091)

تفاصيل مارك
000 -LEADER
fixed length control field 01375nam a2200229Ia 4500
003 - CONTROL NUMBER IDENTIFIER
control field Ost
005 - DATE AND TIME OF LATEST TRANSACTION
control field 20260507075612.0
008 - FIXED-LENGTH DATA ELEMENTS--GENERAL INFORMATION
fixed length control field 260507s9999||||xx |||||||||||||| ||und||
040 ## - CATALOGING SOURCE
Transcribing agency fsecg
041 ## - LANGUAGE CODE
Language code of text/sound track or separate title ara
082 ## - DEWEY DECIMAL CLASSIFICATION NUMBER
Classification number 332.76
100 ## - MAIN ENTRY--PERSONAL NAME
Personal name العكيلي، عزيز
Relator term مؤلف
245 #0 - TITLE STATEMENT
Title إنقضاء الالتزام الثابت في الشيك :
Remainder of title دراسة في التشريعات المقارنة واتفاقيات جنيف الموحدة /
Statement of responsibility, etc. عزيز العكيلي
260 ## - PUBLICATION, DISTRIBUTION, ETC.
Place of publication, distribution, etc. عمان:
Name of publisher, distributor, etc. الدار العلمية الدولية ودار الثقافة,
Date of publication, distribution, etc. 2001
300 ## - PHYSICAL DESCRIPTION
Extent 295 صفحة؛
Other physical details إيضاحات ؛
Dimensions 24 سم
490 ## - SERIES STATEMENT
Series statement المكتبة القانونية
Volume/sequential designation 424
504 ## - BIBLIOGRAPHY, ETC. NOTE
Bibliography, etc. note المراجع ص.283
520 ## - SUMMARY, ETC.
Summary, etc. الأحكام العامة للأوراق التجارية، ضمانات الوفاء بقيمة الشيك، مقابل الوفاء، تعبئة الشيك، التضامن المصرفي، الضمان الاحتياطي، وفاء الشيك، تقييم الشيك، انقضاء الالتزام الصرفي بغير الوفاء، انقضاء الالتزام الثابث في الشيك بغير الوفاء، السقوط، مرور الزمان المانع من سماع الدعوى، التقادم الصرفي
653 ## - INDEX TERM--UNCONTROLLED
Uncontrolled term الأوراق المالية
653 ## - INDEX TERM--UNCONTROLLED
Uncontrolled term الشيكات
942 ## - ADDED ENTRY ELEMENTS (KOHA)
Koha item type كتب
المقتنيات
Withdrawn status Lost status Source of classification or shelving scheme Damaged status Not for loan Home library Current library Date acquired Serial enumeration / chronology Inventory number Total checkouts Full call number Barcode Date last seen Price effective from Koha item type
    Dewey Decimal Classification   NOT LOAN / إعارة داخلية مكتبة كلية العلوم الإقتصادية والعلوم التجارية وعلوم التسيير مكتبة كلية العلوم الإقتصادية والعلوم التجارية وعلوم التسيير 07/05/2026 الطابق الأرضي 622/1   أ/622ن1 622/1 07/05/2026 07/05/2026 كتب

موارد الويب المفتوحة


© University of Algiers 3 All Rights Reserved
|
Implemented by LECHELAH Riad